00321nam a2200145Ia 4500008004100000041000800041082001800049100001700067245001800084250000800102260002700110300000800137520001200145650001800157240515s2024 xx und d aeng a 615.2 / KOK aC. K. Kokate aPharmacognosy a4th bNirali Prakashanc2024 a15p aDIPLOMA aPharmacognosy